000 00316nam a2200121Ia 4500
005 20251222144814.0
008 251222s9999||||xx |||||||||||||| ||spa||
082 _a922.23/G33
100 _aGazapo, Bienvenido
245 0 _aProfeta de Nuestro Tiempo:
264 _bActas del 1er. Congreso Internacional
942 _cLIB
999 _c20216
_d20216